00723nam a2200169 a 450000100100000000500170001000800410002704000250006808200160009310000260010924500560013526000660019130000200025750000710027795201880034899900170053600003534620200930074256.0111027s1938 ec 000 0 spa d aDO-SdBNPbspacBNPHU axxxxbD568p1 aDiez, Jorge A.96113213aLa pintura moderna en el Ecuador. /cJorge A. Diez. aQuito, Ecuador, :bTalleres gráficos de educación,c1938. a28 p. ;c21 cm. aPublicaciones del archivo nacional de historia y del museo único 001050718RVaGRbGRcCTd2011-10-27iLF1l0oxxxx D568pp35346-10r2020-06-25w2020-06-25y1zPerteneció a la biblioteca personal de Federico Henríquez y CarvajalZNo se presta c34837d34837